00779nam a22002057a 450000500170000001000150001702000260003203500130005803700240007108200060009510000200010124500960012126000330021727000470025030000340029749000360033194200200036799900170038795201690040420111130121640.0 aB-444690  a9781405206358c425.00 aB-444690 aBlue Berry/VenbDPL00aS0 aHergé,93784714aTintin and the Picaros /cHergé ; translated by Leslie Lonsdale-Cooper and Michael Turner aLondonbEgmont UK Ltd.c2010 a239 Kensington High StreetbLondoneW86SA a62p. bcol. ill.c30 cm.(pbk)1 aThe Adventures of Tintin937848 2ddccCHhSmHER c58837d58837 001040708FICaZLSbZLSd2012-01-03eBlue Berry/7042/29.9.2011/83/21.3.2011/12.10.2011g425.00l0oS HERpB-444690r2012-01-03 00:00:00t1v425.00w2012-01-03yCH